Sumpffieber : medizin fur schwule manner /

Guardat en:
Dades bibliogràfiques
Autor corporatiu: Autorengruppe Schwule Medizinstudenten (Autor)
Format: Llibre
Idioma:alemany
Publicat: [1978]
Edició:Berlin : Rosa-Winkel-Verlag
Etiquetes: Afegir etiqueta
Sense etiquetes, Sigues el primer a etiquetar aquest registre!

MARC

LEADER 00000nam a22000007i 4500
001 IT\ICCU\UBO\3546051
003 ItRI
005 20260115231842.0
008 081218s1978 gw |||||| ||||| |||||c
020 |a 3921495059 
040 |b ita  |c importazione bologna sebina 
041 7 |a ger  |2 ISO-639-2 
110 2 |a Autorengruppe Schwule Medizinstudenten  |0 IT\ICCU\UBOV\297552  |4 aut 
245 0 0 |a Sumpffieber :  |b medizin fur schwule manner /  |c Autorengruppe Schwule Medizinstudenten. 
250 |a Berlin : Rosa-Winkel-Verlag 
260 |c [1978] 
300 |a 94 p. :  |b ill. ;  |c 16 cm. 
942 |2 ddc  |c BK  |n 0 
952 |0 0  |1 0  |4 0  |6 DOC_306_766000000000000_AUT  |7 0  |9 14293  |a BO  |b BO  |d 2026-01-15  |i 2206  |l 0  |o DOC 306.766 AUT  |p BO2206  |r 2026-01-15 23:18:42  |w 2026-01-15  |x [Sebina 7] [1 v.]  |y BK  |z 1 v. 
999 |c 12331  |d 12331